30 biggest cities in Kentucky - Statistics

General Stats
  • This quiz has been taken 56 times
  • The average score is 15 of 30
Answer Stats
Population CIty % Correct
320,154 Lexington
98%
622,981 Louisville
98%
76,212 Bowling Green
95%
28,285 Frankfort
93%
60,140 Owensboro
91%
26,749 Paducah
82%
40,972 Covington
75%
32,978 Elizabethtown
73%
39,462 Georgetown
64%
32,917 Florence
61%
30,813 Hopkinsville
61%
37,206 Richmond
61%
21,154 Ashland
57%
32,425 Nicholasville
50%
27,734 Henderson
45%
28,716 Jeffersontown
45%
29,503 Independence
41%
22,749 Radcliff
41%
17,383 Danville
34%
18,086 Murray
32%
19,355 Madisonville
30%
19,777 Erlanger
27%
19,254 Winchester
25%
17,804 Shelbyville
23%
17,356 St.Matthews
20%
15,998 Berea
18%
15,313 Glasgow
18%
16,973 Fort Thomas
14%
15,455 Shively
14%
18,637 Mount Washington
11%
No matching quizzes found
Score Distribution
Percent of People with Each Score
Percentile by Number Answered
Your Score History
You have not taken this quiz